| 000 | 02501cam a2200385 4500500 | ||
|---|---|---|---|
| 005 | 20260111112209.0 | ||
| 041 | _afre | ||
| 042 | _adc | ||
| 100 | 1 | 0 |
_aDesveaux, Jean-Baptiste _eauthor |
| 245 | 0 | 0 | _aLe squiggle musical |
| 260 | _c2014. | ||
| 500 | _a40 | ||
| 520 | _aL’auteur propose d’interroger un aménagement du dispositif dans le cadre de psychothérapies avec des « adolescents limites » au travers de leur utilisation des mediums multimédia et plus particulièrement de la musique. L’usage de la musique en séance convoque une expérience singulière tant pour le thérapeute que pour l’adolescent, pouvant conduire à un échange réciproque d’une expérience émotionnelle formant alors un véritable « Squiggle musical ». Cet aménagement figure une forme de communication où l’adolescent s’implique dans le dispositif en se l’appropriant. Le squiggle musical semble permettre de remobiliser des processus propres à l’expérience transitionnelle désormais bien connue chez le jeune enfant. | ||
| 520 | _aThe author proposes to examine the adjustment of a setting in psychotherapies with “borderline teenagers”, through their use of multimedia mediums and music especially. The use of music in a therapeutic session recalls a singular experience for the therapist as well as for the adolescent, which can lead to a reciprocal exchange of an emotional experience forming a true “musical squiggle game”. This adjustment draws a form of communication which the teenager seizes and therefore involves himself in the setting. The musical squiggle seems to allow the remobilization of processes specific to the transitional experience henceforth well known concerning the young child. | ||
| 690 | _aadolescence | ||
| 690 | _acommunication | ||
| 690 | _adestin de l'objet transitionnel | ||
| 690 | _adispositif | ||
| 690 | _ajeu | ||
| 690 | _amédium malléable | ||
| 690 | _amusique | ||
| 690 | _asquiggle | ||
| 690 | _atransitionnalité | ||
| 690 | _aadolescence | ||
| 690 | _acommunication | ||
| 690 | _afate of the transitional object | ||
| 690 | _amusic | ||
| 690 | _aplay | ||
| 690 | _apliable medium | ||
| 690 | _asetting | ||
| 690 | _asquiggle | ||
| 690 | _atransitionality | ||
| 786 | 0 | _nJournal de la psychanalyse de l'enfant | 3 | 2 | 2014-03-01 | p. 209-243 | 0994-7949 | |
| 856 | 4 | 1 | _uhttps://shs.cairn.info/revue-journal-de-la-psychanalyse-de-l-enfant-2013-2-page-209?lang=fr&redirect-ssocas=7080 |
| 999 |
_c1631849 _d1631849 |
||